[Event "SUI-ch (Women)"]
[Site "Flims"]
[Date "2021.07.15"]
[Round "8"]
[White "Heinatz, Maria"]
[Black "Kurapova, Olga"]
[Result "0-1"]
[WhiteElo "1941"]
[BlackElo "1927"]
[PlyCount "66"]
[EventDate "2021.07.08"]
[EventType "tourn"]
[EventRounds "9"]
[EventCountry "SUI"]
[SourceTitle "EXT 2022"]
[Source "ChessBase"]
[SourceDate "2021.10.06"]
[SourceVersion "1"]
[SourceVersionDate "2021.10.06"]
[SourceQuality "1"]

1. e4 e5 2. Nf3 Nc6 3. Nc3 Nf6 4. Bb5 Bb4 5. 0-0 Bxc3 6. bxc3 d6 7. Re1 0-0 8. d4 exd4 9. cxd4 Bg4 10. Bxc6 bxc6 11. Bg5 h6 12. Bh4 g5 13. Bg3 d5 14. e5 Ne4 15. Qd3 Nxg3 16. hxg3 Qd7 17. Rab1 Bf5 18. Qd2 Rab8 19. Rb3 Rb6 20. Kh2 Bg6 21. Ree3 Ra6 22. a3 Rb6 23. Rec3 Rfb8 24. Ne1 a5 25. Rf3 a4 26. Rxb6 Rxb6 27. Qa5 Rb1 28. Qa8+ Kg7 29. Nd3 Qg4 30. Nf4 gxf4 31. Rxf4 Qd1 32. Kh3 Qh5+ 33. Rh4 Rh1# 0-1

[Event "SUI-ch (Women)"]
[Site "Flims"]
[Date "2021.07.08"]
[Round "1"]
[White "Heinatz, Maria"]
[Black "Heinatz, Gundula"]
[Result "1/2-1/2"]
[WhiteElo "1941"]
[BlackElo "2141"]
[PlyCount "36"]
[EventDate "2021.07.08"]
[EventType "tourn"]
[EventRounds "9"]
[EventCountry "SUI"]
[SourceTitle "EXT 2022"]
[Source "ChessBase"]
[SourceDate "2021.10.06"]
[SourceVersion "1"]
[SourceVersionDate "2021.10.06"]
[SourceQuality "1"]

1. d4 e6 2. e4 d5 3. exd5 exd5 4. Bd3 Nc6 5. c3 Bd6 6. Qf3 Be6 7. Bf4 Nf6 8. Ne2 0-0 9. Bxd6 Qxd6 10. Qf4 Rad8 11. Qxd6 Rxd6 12. f3 Ne7 13. g4 h5 14. h3 Re8 15. Kf2 h4 16. Nd2 Bd7 17. Rhe1 Rb6 18. b3 Bb5 1/2-1/2

[Event "EU-Cup Online Gr-C (Women)"]
[Site "Tornelo INT"]
[Date "2020.12.20"]
[Round "6.2"]
[White "Heinatz, Maria"]
[Black "Kovanova, Baira"]
[Result "0-1"]
[WhiteElo "1941"]
[BlackElo "2328"]
[PlyCount "78"]
[EventDate "2020.12.19"]
[EventType "team-tourn (rapid)"]
[EventRounds "7"]
[EventCountry "ISS"]
[SourceTitle "CBM 199 Extra"]
[Source "ChessBase"]
[SourceDate "2021.01.31"]
[SourceVersion "1"]
[SourceVersionDate "2021.01.31"]
[SourceQuality "1"]
[WhiteTeam "Gonzen (W)"]
[BlackTeam "Ugra (W)"]
[WhiteTeamCountry "SUI"]
[BlackTeamCountry "RUS"]

1. e4 e5 2. Nf3 d6 3. d4 exd4 4. Nxd4 Nf6 5. Nc3 Be7 6. Bd3 0-0 7. 0-0 Nbd7 8. Nd5 Nc5 9. Nf5 Bxf5 10. Nxe7+ Qxe7 11. exf5 Nxd3 12. Qxd3 h6 13. Bd2 d5 14. Rfe1 Qd6 15. g3 Ne4 16. Bf4 Qb6 17. Qe3 Qxb2 18. f3 Ng5 19. Be5 Qxe5 20. Qxe5 Nxf3+ 21. Kg2 Nxe5 22. Rxe5 Rfe8 23. Rxd5 Re2+ 24. Kh3 Rae8 25. Rc5 c6 26. f6 gxf6 27. Rf1 Kg7 28. Rf4 R8e5 29. Rg4+ Rg5 30. Rcc4 f5 31. Rh4 Kg6 32. a4 h5 33. a5 a6 34. Rhd4 Rg4 35. Rd6+ f6 36. Rc5 Rge4 37. Rd7 Rf2 38. Rc4 Rxc4 39. c3 Rxc3 0-1

[Event "EU-Cup Online Gr-C (Women)"]
[Site "Tornelo INT"]
[Date "2020.12.19"]
[Round "3.4"]
[White "Moingt, Anne"]
[Black "Heinatz, Maria"]
[Result "0-1"]
[WhiteElo "2076"]
[BlackElo "1941"]
[PlyCount "112"]
[EventDate "2020.12.19"]
[EventType "team-tourn (rapid)"]
[EventRounds "7"]
[EventCountry "ISS"]
[SourceTitle "CBM 199 Extra"]
[Source "ChessBase"]
[SourceDate "2021.01.31"]
[SourceVersion "1"]
[SourceVersionDate "2021.01.31"]
[SourceQuality "1"]
[WhiteTeam "Asnieres (W)"]
[BlackTeam "Gonzen (W)"]
[WhiteTeamCountry "FRA"]
[BlackTeamCountry "SUI"]

1. e4 c5 2. Nf3 d6 3. d4 cxd4 4. Nxd4 Nf6 5. Nc3 a6 6. Be2 e5 7. Nb3 Be7 8. 0-0 0-0 9. Be3 Be6 10. f3 Nbd7 11. Rf2 Qc7 12. Bf1 Nc5 13. Rd2 Rfd8 14. Nxc5 dxc5 15. Nd5 Bxd5 16. exd5 c4 17. c3 Bc5 18. Bxc5 Qxc5+ 19. Kh1 Rac8 20. b3 cxb3 21. c4 bxa2 22. Raxa2 Ne8 23. Qe1 Nd6 24. Rdc2 Re8 25. Ra5 b5 26. Rxa6 bxc4 27. Ra5 Qd4 28. Ra6 Red8 29. Rd2 Qc3 30. Qd1 Ra8 31. Rda2 Rxa6 32. Rxa6 Nf5 33. d6 Ne3 34. Qe2 Nxf1 35. Qxf1 Qd4 36. h3 g6 37. Rc6 Rxd6 38. Rxd6 Qxd6 39. Qxc4 Kg7 40. Qe4 Qd4 41. Qb7 h5 42. Kh2 h4 43. Qa8 Qf4+ 44. Kg1 Qd4+ 45. Kh2 f5 46. Qe8 Qf4+ 47. Kg1 e4 48. Qe7+ Kh6 49. Qf8+ Kh5 50. Qh8+ Qh6 51. Qe5 exf3 52. gxf3 Qg5+ 53. Kf2 Qd2+ 54. Kg1 Kg5 55. Qe7+ Kf4 56. Qxh4+ Kxf3 0-1

[Event "SUI-ch (Women) 119th"]
[Site "Leukerbad"]
[Date "2019.07.19"]
[Round "10"]
[White "Heinatz, Maria"]
[Black "Pellicoro, Nathalie"]
[Result "0-1"]
[WhiteElo "1941"]
[BlackElo "1907"]
[PlyCount "80"]
[EventDate "2019.07.11"]
[EventType "tourn"]
[EventRounds "10"]
[EventCountry "SUI"]
[SourceTitle "EXT 2020"]
[Source "ChessBase"]
[SourceDate "2019.10.17"]
[SourceVersion "1"]
[SourceVersionDate "2019.10.17"]
[SourceQuality "1"]

1. e4 c5 2. Nf3 e6 3. d4 cxd4 4. Nxd4 Nc6 5. Nc3 Qc7 6. Be2 Nf6 7. 0-0 a6 8. Kh1 b5 9. Nxc6 dxc6 10. f4 Be7 11. e5 Nd5 12. Ne4 0-0 13. c3 Rd8 14. Qc2 c5 15. Rf3 Bb7 16. Rh3 g6 17. Bf3 Rac8 18. Qf2 f5 19. exf6 Nxf6 20. Ng5 Bxf3 21. Qxf3 Qd7 22. Be3 Rc6 23. Rg3 Qd5 24. h3 Nh5 25. Rg4 Nf6 26. Rg3 h6 27. Qxd5 exd5 28. Nf3 Ne4 29. Rg4 Kh7 30. Ne5 Re6 31. Nf7 Rf8 32. Nxh6 Nxc3 33. Rg3 d4 34. bxc3 dxe3 35. Ng4 e2 36. Re3 Rxe3 37. Nxe3 Bh4 38. Nc2 Rxf4 39. Kh2 Rf1 40. g3 Rxa1 0-1

[Event "SUI-ch (Women) 119th"]
[Site "Leukerbad"]
[Date "2019.07.16"]
[Round "7"]
[White "De Seroux, Camille"]
[Black "Heinatz, Maria"]
[Result "1-0"]
[WhiteElo "2164"]
[BlackElo "1941"]
[PlyCount "81"]
[EventDate "2019.07.11"]
[EventType "tourn"]
[EventRounds "10"]
[EventCountry "SUI"]
[SourceTitle "EXT 2020"]
[Source "ChessBase"]
[SourceDate "2019.10.17"]
[SourceVersion "1"]
[SourceVersionDate "2019.10.17"]
[SourceQuality "1"]

1. e4 c5 2. Nf3 d6 3. d4 cxd4 4. Qxd4 Nc6 5. Bb5 Bd7 6. Bxc6 Bxc6 7. Nc3 Nf6 8. Bg5 e6 9. Qd3 Be7 10. Nd4 h6 11. Bh4 0-0 12. 0-0-0 Qa5 13. f4 Rac8 14. f5 e5 15. Nb3 Qb6 16. Bxf6 Bxf6 17. h4 a5 18. Qxd6 a4 19. Nd5 Qd8 20. Nxf6+ Qxf6 21. Qxf6 gxf6 22. Nd2 b5 23. Rhe1 b4 24. Re3 Bb5 25. Nf3 Rc6 26. Rd2 Rfc8 27. Nh2 b3 28. axb3 axb3 29. Rxb3 Ba4 30. Rg3+ Kh7 31. b3 Bb5 32. Kb2 Ra6 33. c4 Bc6 34. Rd6 Rca8 35. Ng4 Ra2+ 36. Kc3 Ba4 37. Nxf6+ Kh8 38. Rb6 Ra3 39. Kb2 h5 40. Rg8+ Rxg8 41. Kxa3 1-0

[Event "SUI-ch (Women) 119th"]
[Site "Leukerbad"]
[Date "2019.07.12"]
[Round "2"]
[White "Heinatz, Maria"]
[Black "De Seroux, Camille"]
[Result "1/2-1/2"]
[WhiteElo "1941"]
[BlackElo "2164"]
[PlyCount "90"]
[EventDate "2019.07.11"]
[EventType "tourn"]
[EventRounds "10"]
[EventCountry "SUI"]
[SourceTitle "EXT 2020"]
[Source "ChessBase"]
[SourceDate "2019.10.17"]
[SourceVersion "1"]
[SourceVersionDate "2019.10.17"]
[SourceQuality "1"]

1. e4 c5 2. Nf3 Nc6 3. Bb5 e6 4. Bxc6 bxc6 5. 0-0 Ne7 6. b3 Ng6 7. Bb2 f6 8. Re1 e5 9. c3 Ba6 10. d4 cxd4 11. cxd4 Bb4 12. Re3 d6 13. Bc3 Bxc3 14. Nxc3 0-0 15. Rc1 Nf4 16. Na4 Rc8 17. Rc2 Qa5 18. g3 Nh3+ 19. Kg2 Ng5 20. dxe5 Nxf3 21. Rxf3 Qxe5 22. Re3 f5 23. exf5 Qxf5 24. Rd2 c5 25. f3 Bb7 26. Rxd6 Rce8 27. Rdd3 Rxe3 28. Rxe3 Bc8 29. g4 Qg5 30. Qe2 Ba6 31. Qe1 h5 32. h3 hxg4 33. hxg4 Bb7 34. Qc3 Qxg4+ 35. Kf2 Qh4+ 36. Ke2 Qh2+ 37. Ke1 Qg1+ 38. Kd2 Rd8+ 39. Rd3 Qf2+ 40. Kc1 Qf1+ 41. Kd2 Qf2+ 42. Kc1 Rxd3 43. Qxd3 Bxf3 44. Qc4+ Kh7 45. Nxc5 Qe1+ 1/2-1/2

[Event "SUI-ch (Women) 119th"]
[Site "Leukerbad"]
[Date "2019.07.11"]
[Round "1"]
[White "Heinatz, Maria"]
[Black "Heinatz, Gundula"]
[Result "1/2-1/2"]
[WhiteElo "1941"]
[BlackElo "2146"]
[PlyCount "34"]
[EventDate "2019.07.11"]
[EventType "tourn"]
[EventRounds "10"]
[EventCountry "SUI"]
[SourceTitle "EXT 2020"]
[Source "ChessBase"]
[SourceDate "2019.10.17"]
[SourceVersion "1"]
[SourceVersionDate "2019.10.17"]
[SourceQuality "1"]

1. e4 g6 2. d4 Bg7 3. c3 d5 4. e5 c5 5. Bd3 Nc6 6. Ne2 Nh6 7. Nd2 Bg4 8. f3 Bf5 9. Nf1 cxd4 10. cxd4 Qb6 11. Ne3 Bxd3 12. Qxd3 e6 13. 0-0 0-0 14. Kh1 Rac8 15. Bd2 f6 16. f4 Rf7 17. a3 Rcf8 1/2-1/2

[Event "SUI-ch 117th"]
[Site "Graechen"]
[Date "2017.07.17"]
[Round "5"]
[White "Pellicoro, Nathalie"]
[Black "Heinatz, Maria"]
[Result "1/2-1/2"]
[WhiteElo "1826"]
[BlackElo "1985"]
[PlyCount "63"]
[EventDate "2017.07.13"]
[EventType "swiss"]
[EventRounds "9"]
[EventCountry "SUI"]
[SourceTitle "EXT 2019"]
[Source "ChessBase"]
[SourceDate "2018.10.10"]
[SourceVersion "1"]
[SourceVersionDate "2018.10.10"]
[SourceQuality "1"]

1. e4 c5 2. Nc3 Nc6 3. f4 g6 4. Nf3 Bg7 5. Bb5 Nd4 6. 0-0 a6 7. Bd3 d6 8. Ne2 Nf6 9. Nexd4 cxd4 10. Kh1 Bg4 11. Qe1 Bxf3 12. Rxf3 e5 13. c3 0-0 14. Bc2 Nh5 15. f5 Rc8 16. d3 d5 17. g4 Nf4 18. Bxf4 exf4 19. e5 Re8 20. Qd2 Bxe5 21. cxd4 Bxd4 22. Qxf4 Be5 23. Qd2 Bxb2 24. Raf1 Re7 25. f6 Rec7 26. Bb3 Bc1 27. Qf2 Bh6 28. Qh4 Bf8 29. g5 Rc1 30. Kg2 Rxf1 31. Rxf1 Qa5 32. Rf2 1/2-1/2

[Event "SUI-ch 117th"]
[Site "Graechen"]
[Date "2017.07.16"]
[Round "4"]
[White "Heinatz, Maria"]
[Black "Raetsky, Alexander"]
[Result "0-1"]
[WhiteElo "1985"]
[BlackElo "2385"]
[PlyCount "66"]
[EventDate "2017.07.13"]
[EventType "swiss"]
[EventRounds "9"]
[EventCountry "SUI"]
[SourceTitle "EXT 2019"]
[Source "ChessBase"]
[SourceDate "2018.10.10"]
[SourceVersion "1"]
[SourceVersionDate "2018.10.10"]
[SourceQuality "1"]

1. e4 c5 2. Nf3 d6 3. Bb5+ Nd7 4. 0-0 a6 5. Bxd7+ Bxd7 6. d4 cxd4 7. Qxd4 Rc8 8. c4 Qc7 9. b3 b5 10. Na3 e5 11. Qd3 Qb7 12. Bb2 Nf6 13. Nd2 Be7 14. Rac1 0-0 15. cxb5 axb5 16. b4 d5 17. exd5 Qxd5 18. Qxd5 Nxd5 19. Bxe5 Nxb4 20. Rxc8 Rxc8 21. Nf3 Nxa2 22. Nb1 b4 23. Nbd2 f6 24. Bf4 Bb5 25. Ra1 Rc1+ 26. Rxc1 Nxc1 27. Be3 Ne2+ 28. Kh1 Kf7 29. Nb3 Bc4 30. Nfd2 Bd5 31. f3 Ke6 32. g3 Bxb3 33. Nxb3 Kd5 0-1

[Event "SUI-ch 117th"]
[Site "Graechen"]
[Date "2017.07.14"]
[Round "2"]
[White "Heinatz, Maria"]
[Black "Tamrazyan, Gohar"]
[Result "1/2-1/2"]
[WhiteElo "1985"]
[BlackElo "1750"]
[PlyCount "67"]
[EventDate "2017.07.13"]
[EventType "swiss"]
[EventRounds "9"]
[EventCountry "SUI"]
[SourceTitle "EXT 2019"]
[Source "ChessBase"]
[SourceDate "2018.10.10"]
[SourceVersion "1"]
[SourceVersionDate "2018.10.10"]
[SourceQuality "1"]

1. e4 c5 2. Nf3 Nf6 3. e5 Nd5 4. Nc3 e6 5. Nxd5 exd5 6. d4 Nc6 7. c3 cxd4 8. cxd4 d6 9. Be2 dxe5 10. Nxe5 Nxe5 11. dxe5 Bb4+ 12. Bd2 Qa5 13. Bxb4 Qxb4+ 14. Qd2 Qxd2+ 15. Kxd2 Bd7 16. f4 Rc8 17. Rac1 Ke7 18. Bf3 Bc6 19. Rhd1 Rhd8 20. Ke3 d4+ 21. Rxd4 Bxf3 22. Rxc8 Rxc8 23. Kxf3 Rc2 24. Rb4 b6 25. a3 Ke6 26. Rb3 h5 27. h4 f6 28. Rb5 Rd2 29. g4 hxg4+ 30. Kxg4 f5+ 31. Kg3 Rd3+ 32. Kg2 Rd2+ 33. Kf3 Rd3+ 34. Kg2 1/2-1/2

[Event "EU-ch (Women) 18th"]
[Site "Riga"]
[Date "2017.04.22"]
[Round "11"]
[White "Norlamo, Sarabella"]
[Black "Heinatz, Maria"]
[Result "1/2-1/2"]
[WhiteElo "1619"]
[BlackElo "1990"]
[PlyCount "82"]
[EventDate "2017.04.11"]
[EventType "swiss"]
[EventRounds "11"]
[EventCountry "LAT"]
[SourceTitle "EXT 2018"]
[Source "ChessBase"]
[SourceDate "2017.10.13"]
[SourceVersion "1"]
[SourceVersionDate "2017.10.13"]
[SourceQuality "1"]

1. d4 Nf6 2. Nf3 g6 3. c4 Bg7 4. Nc3 0-0 5. h3 c5 6. d5 d6 7. Bf4 a6 8. e4 Nh5 9. Bd2 Bd7 10. a4 a5 11. Qb3 b6 12. Nb5 Na6 13. Bc3 Nb4 14. Bxg7 Kxg7 15. Qc3+ Kg8 16. Qd2 f5 17. e5 dxe5 18. Nxe5 Bxb5 19. axb5 Qd6 20. Nc6 e6 21. Be2 exd5 22. Nxb4 cxb4 23. Bxh5 gxh5 24. 0-0-0 Rac8 25. b3 Rfd8 26. Kb1 Qf6 27. cxd5 Rc3 28. Ka2 a4 29. Qe2 axb3+ 30. Kb1 Rd6 31. Rd2 Qg6 32. f4 Qf6 33. Re1 Rc7 34. Qxh5 Ra7 35. Qe8+ Kg7 36. Qe5 Ra5 37. Qe7+ Kg6 38. Qxf6+ Kxf6 39. Re5 Rxb5 40. Kb2 Rc5 41. Kxb3 b5 1/2-1/2

[Event "EU-ch (Women) 18th"]
[Site "Riga"]
[Date "2017.04.21"]
[Round "10"]
[White "Heinatz, Maria"]
[Black "Exler, Veronika"]
[Result "0-1"]
[WhiteElo "1990"]
[BlackElo "2208"]
[PlyCount "156"]
[EventDate "2017.04.11"]
[EventType "swiss"]
[EventRounds "11"]
[EventCountry "LAT"]
[SourceTitle "CBM 177 Extra"]
[Source "ChessBase"]
[SourceDate "2017.04.27"]
[SourceVersion "1"]
[SourceVersionDate "2017.04.27"]
[SourceQuality "1"]

1. e4 c6 2. Nf3 d5 3. Nc3 dxe4 4. Nxe4 Nf6 5. Nxf6+ exf6 6. d4 Bd6 7. Be2 Bg4 8. 0-0 0-0 9. Be3 Qc7 10. h3 Bh5 11. c4 Nd7 12. Qb3 b6 13. Rac1 Rfe8 14. Rfe1 Bf4 15. Rc3 Re7 16. Bxf4 Qxf4 17. g3 Qd6 18. Re3 Rxe3 19. Qxe3 Nf8 20. Nh4 Bxe2 21. Rxe2 g6 22. b3 Rd8 23. Nf3 Qe6 24. Kg2 Kg7 25. Qd2 Qd6 26. Qd1 Ne6 27. Rd2 Nc7 28. Re2 f5 29. Qe1 Ne6 30. Rd2 Nc7 31. Qe5+ f6 32. Qxd6 Rxd6 33. Ne1 Kf7 34. Nc2 Ke7 35. a3 Kd7 36. f3 Re6 37. Kf2 Kd6 38. Re2 Rxe2+ 39. Kxe2 Ne6 40. Ke3 f4+ 41. Kf2 fxg3+ 42. Kxg3 f5 43. h4 f4+ 44. Kg4 h5+ 45. Kh3 a6 46. Kg2 Ng7 47. Nb4 Nf5 48. c5+ bxc5 49. dxc5+ Kxc5 50. Nxa6+ Kb6 51. Nb4 Nxh4+ 52. Kf2 Nf5 53. Nd3 g5 54. Ne5 Nd4 55. Nf7 g4 56. fxg4 hxg4 57. Ne5 g3+ 58. Kg2 Nxb3 59. Nd3 Nd4 60. Nxf4 Nf5 61. Kf3 c5 62. Kg4 Nd4 63. Kxg3 Kb5 64. Nd3 c4 65. a4+ Ka5 66. Kf2 Nb3 67. Ne1 Kxa4 68. Nc2 Nc5 69. Ke2 Kb3 70. Kd1 Kb2 71. Nd4 c3 72. Nc2 Nd3 73. Nd4 Ne5 74. Nc2 Nc4 75. Nd4 Ne3+ 76. Ke1 Nc2+ 77. Nxc2 Kxc2 78. Ke2 Kb2 0-1

[Event "EU-ch (Women) 18th"]
[Site "Riga"]
[Date "2017.04.12"]
[Round "2"]
[White "Heinatz, Maria"]
[Black "Mamedjarova, Turkan"]
[Result "0-1"]
[WhiteElo "1990"]
[BlackElo "2267"]
[PlyCount "42"]
[EventDate "2017.04.11"]
[EventType "swiss"]
[EventRounds "11"]
[EventCountry "LAT"]
[SourceTitle "CBM 177 Extra"]
[Source "ChessBase"]
[SourceDate "2017.04.27"]
[SourceVersion "1"]
[SourceVersionDate "2017.04.27"]
[SourceQuality "1"]

1. e4 e5 2. Nf3 Nf6 3. Nc3 Bb4 4. d3 Nc6 5. Bg5 h6 6. Bh4 g5 7. Bg3 Qe7 8. Be2 d5 9. Nd2 Bxc3 10. bxc3 dxe4 11. dxe4 Qc5 12. c4 Be6 13. c3 0-0-0 14. Qc2 Rxd2 15. Kxd2 Bxc4 16. Rhe1 Rd8+ 17. Kc1 Qa3+ 18. Kb1 Nxe4 19. Bg4+ Kb8 20. Qb2 Nxc3+ 21. Kc1 Nxa2+ 0-1

[Event "Mitropa Cup (Women)"]
[Site "Prague"]
[Date "2016.06.19"]
[Round "1.2"]
[White "Heinatz, Maria"]
[Black "Motycakova, Monika"]
[Result "1/2-1/2"]
[WhiteElo "1989"]
[BlackElo "2160"]
[PlyCount "84"]
[EventDate "2016.06.19"]
[EventType "team-tourn"]
[EventRounds "9"]
[EventCountry "CZE"]
[SourceTitle "CBM 173 Extra"]
[Source "ChessBase"]
[SourceDate "2016.08.29"]
[SourceVersion "1"]
[SourceVersionDate "2016.08.29"]
[SourceQuality "1"]
[WhiteTeam "Switzerland (W)"]
[BlackTeam "Slovakia (W)"]
[WhiteTeamCountry "SUI"]
[BlackTeamCountry "SVK"]

1. e4 e5 2. Nf3 Nc6 3. Nc3 Nf6 4. Bb5 Bb4 5. 0-0 0-0 6. Bxc6 dxc6 7. d3 Re8 8. Ne2 Bf8 9. b3 c5 10. Bb2 Qd6 11. a4 Nh5 12. Qd2 Bg4 13. Qe3 Nf4 14. Ng3 f6 15. Nd2 b6 16. Nc4 Qd7 17. f3 Be6 18. Rf2 Qf7 19. Ne2 g5 20. Kh1 Qh5 21. Nxf4 gxf4 22. Qe2 Re7 23. Rg1 Rg7 24. g3 fxg3 25. Rfg2 Rd8 26. Rxg3 Rdd7 27. Qf2 Rg6 28. Ne3 Bh6 29. Ng4 Bg5 30. R3g2 Rdg7 31. Ne3 Bf4 32. Rxg6 hxg6 33. Nf1 Kf7 34. Bc3 Bh3 35. Bd2 Bxd2 36. Nxd2 Rh7 37. Nc4 Qh4 38. Qe2 Be6 39. Qg2 Rh6 40. Ne3 Bh3 41. Qe2 Be6 42. Ng4 Rh8 1/2-1/2

[Event "SUI-chT"]
[Site "Switzerland"]
[Date "2014.10.11"]
[Round "8.7"]
[White "Heinatz, Maria"]
[Black "Reich, Yves"]
[Result "1-0"]
[WhiteElo "1922"]
[BlackElo "2185"]
[PlyCount "85"]
[EventDate "2014.03.16"]
[EventType "team-tourn"]
[EventRounds "9"]
[EventCountry "SUI"]
[SourceTitle "EXT 2015"]
[Source "ChessBase"]
[SourceDate "2014.11.20"]
[SourceVersion "1"]
[SourceVersionDate "2014.11.20"]
[SourceQuality "1"]
[WhiteTeam "Trubschachen"]
[BlackTeam "Neuchatel"]
[WhiteTeamCountry "SUI"]
[BlackTeamCountry "SUI"]

1. e4 c6 2. d4 d5 3. Nc3 dxe4 4. Nxe4 Bf5 5. Ng3 Bg6 6. h4 h6 7. Nf3 Nd7 8. h5 Bh7 9. Be2 Ngf6 10. Nh4 e6 11. Be3 Be7 12. Qd2 Nd5 13. Nf3 Nxe3 14. fxe3 Qc7 15. Nf1 Nf6 16. Bd3 Ne4 17. Bxe4 Bxe4 18. 0-0-0 0-0-0 19. Qe2 Qa5 20. Kb1 Bd5 21. c4 Be4+ 22. Ka1 Bf6 23. N1d2 Bh7 24. Nb3 Qf5 25. Nc5 Qg4 26. Qd2 b6 27. Na4 e5 28. Qf2 Qf5 29. Rd2 exd4 30. exd4 Qa5 31. Nc3 Qb4 32. Qf1 c5 33. Nd5 Qa5 34. Nxf6 gxf6 35. d5 Rhe8 36. Rh4 Be4 37. Rd1 Bc2 38. Rc1 Bb3 39. a3 b5 40. cxb5 Rxd5 41. Nd4 Bd1 42. Qxd1 Kb7 43. Qf3 1-0

[Event "World University-ch (Women) 13th"]
[Site "Katowice"]
[Date "2014.08.22"]
[Round "6"]
[White "Heinatz, Maria"]
[Black "Dogodkina, Julia"]
[Result "0-1"]
[WhiteElo "1889"]
[BlackElo "2210"]
[PlyCount "124"]
[EventDate "2014.08.18"]
[EventType "swiss"]
[EventRounds "9"]
[EventCountry "POL"]
[SourceTitle "CBM 161 Extra"]
[Source "ChessBase"]
[SourceDate "2014.08.29"]
[SourceVersion "1"]
[SourceVersionDate "2014.08.29"]
[SourceQuality "1"]

1. e4 c5 2. Nf3 d6 3. d4 cxd4 4. Nxd4 Nf6 5. Nc3 a6 6. Be3 Ng4 7. Bg5 Qa5 8. Qd2 e6 9. Be2 Nf6 10. Bxf6 gxf6 11. 0-0-0 Nc6 12. Nb3 Qg5 13. f4 Qxg2 14. Qe3 Qg6 15. Rhg1 Qh6 16. Kb1 Bd7 17. Na4 Be7 18. Nb6 Rd8 19. Qf2 Nb8 20. Bc4 Qh5 21. Be2 Qh6 22. f5 e5 23. Nxd7 Rxd7 24. Na5 Bd8 25. Qa7 Bc7 26. Qxb7 Ke7 27. Nc6+ Nxc6 28. Qxc6 Rb8 29. Bxa6 Bb6 30. Bb5 Rdd8 31. Rg2 Qe3 32. Qd5 Qc5 33. Qxc5 Bxc5 34. Bc4 Bd4 35. Bb3 Rg8 36. Re2 h5 37. c3 Bg1 38. Bc4 h4 39. Red2 Rb6 40. a4 Be3 41. Rd3 Bf4 42. h3 Rg2 43. b4 Rg3 44. a5 Rc6 45. Ba2 Rxc3 46. Rxd6 Rc7 47. R6d3 Be3 48. b5 Bd4 49. b6 Rc5 50. Rb3 Rxb3+ 51. Bxb3 Rxa5 52. Rc1 Bxb6 53. Rc3 Bc5 54. Kc2 Kf8 55. Rd3 Bd4 56. Rd2 Rc5+ 57. Kd1 Rc3 58. Bc2 Rxh3 59. Rg2 Rg3 60. Rh2 h3 61. Ba4 Rg1+ 62. Ke2 Rg2+ 0-1

[Event "World University-ch (Women) 13th"]
[Site "Katowice"]
[Date "2014.08.18"]
[Round "1"]
[White "Khlichkova, Tatiana"]
[Black "Heinatz, Maria"]
[Result "1-0"]
[WhiteElo "2232"]
[BlackElo "1889"]
[PlyCount "109"]
[EventDate "2014.08.18"]
[EventType "swiss"]
[EventRounds "9"]
[EventCountry "POL"]
[SourceTitle "CBM 161 Extra"]
[Source "ChessBase"]
[SourceDate "2014.08.29"]
[SourceVersion "1"]
[SourceVersionDate "2014.08.29"]
[SourceQuality "1"]

1. d4 d5 2. Bg5 Nf6 3. e3 Bf5 4. Nd2 Nbd7 5. c4 c6 6. Qb3 Qb6 7. f3 e6 8. c5 Qxb3 9. axb3 Be7 10. Ne2 h6 11. Bh4 e5 12. b4 e4 13. Nc3 g5 14. Bf2 0-0 15. fxe4 Bxe4 16. Ndxe4 Nxe4 17. Nxe4 dxe4 18. b5 f5 19. Bc4+ Kg7 20. bxc6 bxc6 21. Be6 Nb8 22. g4 f4 23. Bf5 Rxf5 24. gxf5 f3 25. Kd2 Kf6 26. Ra3 Kxf5 27. Rha1 a6 28. Rb3 h5 29. Rb7 Ke6 30. h3 a5 31. Ra4 Bd8 32. Rh7 h4 33. Rh6+ Kf5 34. b4 Ra6 35. Rh8 Bc7 36. bxa5 Rxa5 37. Rxa5 Bxa5+ 38. Kd1 Bc7 39. Rc8 Na6 40. Ke1 Ke6 41. Kf1 Ke7 42. Rh8 Bg3 43. Rh7+ Ke6 44. Rh6+ Kd5 45. Rg6 Nb4 46. Rxg5+ Ke6 47. Bxg3 hxg3 48. Rxg3 Nd5 49. Kf2 Kf5 50. h4 Nf6 51. Rg5+ Ke6 52. h5 Kf7 53. h6 Kf8 54. Rg7 Ne8 55. Rg6 1-0

[Event "Lugano New op 7th"]
[Site "Lugano"]
[Date "2013.03.31"]
[Round "5"]
[White "Giacometto, Mario"]
[Black "Heinatz, Maria"]
[Result "1-0"]
[WhiteElo "2008"]
[BlackElo "1912"]
[PlyCount "75"]
[EventDate "2013.03.29"]
[EventType "swiss"]
[EventRounds "6"]
[EventCountry "SUI"]
[SourceTitle "CBM 153 Extra"]
[Source "ChessBase"]
[SourceDate "2013.04.22"]
[SourceVersion "1"]
[SourceVersionDate "2013.04.22"]
[SourceQuality "1"]

1. e4 c5 2. Nf3 e6 3. c3 Nf6 4. Bd3 Nc6 5. Bc2 Qc7 6. d3 Be7 7. 0-0 0-0 8. Re1 d6 9. Nbd2 Rb8 10. Nf1 b5 11. d4 cxd4 12. cxd4 Rd8 13. h3 Bb7 14. Ng3 Rbc8 15. Bd2 Na5 16. Bd3 Nc4 17. Rc1 Qb6 18. Qe2 Nxb2 19. Bxb5 a6 20. Rb1 axb5 21. Rxb2 Ba6 22. Bb4 Rd7 23. Qd2 Qa7 24. d5 exd5 25. exd5 Bb7 26. Nd4 Nxd5 27. Ngf5 Bf6 28. Nxb5 Qa4 29. Nbxd6 Rcd8 30. Nxb7 Rxb7 31. Ne7+ Bxe7 32. Bxe7 Rxb2 33. Qxb2 Nxe7 34. Rxe7 Kf8 35. Re1 Qa5 36. Qe2 Qc7 37. Qe4 Qd7 38. Qxh7 1-0

[Event "Lugano New op 7th"]
[Site "Lugano"]
[Date "2013.03.31"]
[Round "4"]
[White "Heinatz, Maria"]
[Black "Medici, Simone"]
[Result "0-1"]
[WhiteElo "1912"]
[BlackElo "2099"]
[PlyCount "42"]
[EventDate "2013.03.29"]
[EventType "swiss"]
[EventRounds "6"]
[EventCountry "SUI"]
[SourceTitle "CBM 153 Extra"]
[Source "ChessBase"]
[SourceDate "2013.04.22"]
[SourceVersion "1"]
[SourceVersionDate "2013.04.22"]
[SourceQuality "1"]

1. e4 c5 2. Nf3 a6 3. Nc3 e6 4. d4 cxd4 5. Nxd4 Nc6 6. Be2 Bb4 7. 0-0 Nge7 8. Qd3 0-0 9. Bd2 Bc5 10. Nb3 Ba7 11. Qg3 d5 12. exd5 exd5 13. Bd3 Be6 14. Bg5 Qd7 15. Rfe1 Ng6 16. Bxg6 fxg6 17. Re2 Rf5 18. Na4 d4 19. Rae1 Bc4 20. Rd2 Qf7 21. Nc1 h6 0-1

[Event "Lugano New op 7th"]
[Site "Lugano"]
[Date "2013.03.30"]
[Round "2"]
[White "Heinatz, Maria"]
[Black "Boschetti, Claudio"]
[Result "0-1"]
[WhiteElo "1912"]
[BlackElo "2134"]
[PlyCount "98"]
[EventDate "2013.03.29"]
[EventType "swiss"]
[EventRounds "6"]
[EventCountry "SUI"]
[SourceTitle "CBM 153 Extra"]
[Source "ChessBase"]
[SourceDate "2013.04.22"]
[SourceVersion "1"]
[SourceVersionDate "2013.04.22"]
[SourceQuality "1"]

1. e4 e5 2. Nf3 Nc6 3. Bb5 a6 4. Ba4 Nf6 5. 0-0 Be7 6. Re1 b5 7. Bb3 0-0 8. d3 d6 9. h3 Na5 10. c3 Nxb3 11. axb3 c5 12. Nbd2 Bb7 13. Nf1 h5 14. Ng3 g6 15. Nh2 h4 16. Ngf1 Nh5 17. Ng4 Bg5 18. Nh6+ Kh7 19. Nf5 Bxc1 20. Rxc1 Nf4 21. N5e3 f5 22. Qc2 Qg5 23. Kh2 c4 24. bxc4 bxc4 25. Qa4 Nxd3 26. Qd7+ Kh6 27. Qxb7 Qf4+ 28. Kh1 Nxf2+ 29. Kg1 Nd3 30. Red1 Nxc1 31. Rxc1 Rab8 32. Qe7 Qxe4 33. Qxd6 Rfd8 34. Qc7 Rbc8 35. Qf7 Qf4 36. Re1 Rc5 37. Qe7 Rdc8 38. Nh2 R8c7 39. Qf8+ Kh7 40. Nf3 e4 41. Nd4 Qg3 42. Re2 Ra5 43. Nec2 Rd7 44. Na3 Rad5 45. Qc8 Rxd4 46. cxd4 Rxd4 47. Qb7+ Kh6 48. Rf2 Rd1+ 49. Rf1 Qe3+ 0-1